Statistics for Chrono Trigger bosses

Click here to take the quiz!

General Stats

  • This quiz has been taken 59 times
  • The average score is 15 of 37

Answer Stats

Answer% Correct
Lavos
100%
Magus
92%
Dalton
74%
Masa/Mune
74%
Queen Zeal
74%
Flea/Flea?
72%
Slash
67%
Ozzie
64%
Azala/Black Tyranno
62%
Yakra
59%
Dragon Tank
54%
Golem
51%
Mother Brain
46%
Giga Gaia
41%
Guardian
41%
Mammon Machine
41%
Nizbel
38%
Yakra XIII
38%
Zombor
36%
Masamune
33%
Lavos Spawn
31%
Nizbel II
31%
Heckran
28%
Rust Tyranno
28%
Mud Imp
23%
Atropos XR
21%
Mutant
21%
R-Series
21%
Giga Mutant
18%
Mega Mutant
18%
Tera Mutant
18%
Krawlie
15%
Son Of The Sun
10%
Golem Overlord
8%
Blue Mudbeast
5%
Red Mudbeast
5%
Melphyx
3%

Score Distribution

Percentile by Number Answered

Percent of People with Each Score

Your Score History

You have not taken this quiz